BIBLIOTECA

SENCICO

Geometría descriptiva aplicada / (Registro nro. 461)

Detalles MARC
000 -LEADER
fixed length control field 01054nam a2200241Ia 4500
003 - CONTROL NUMBER IDENTIFIER
control field PE SENCICO BE
005 - DATE AND TIME OF LATEST TRANSACTION
control field 20251020182438.0
008 - FIXED-LENGTH DATA ELEMENTS--GENERAL INFORMATION
fixed length control field 200515s9999 xx 000 0 und d
020 ## - INTERNATIONAL STANDARD BOOK NUMBER
International Standard Book Number 970-686-012-6
040 ## - CATALOGING SOURCE
Original cataloging agency PE SENCICO BE
Transcribing agency PE SENCICO BE
041 ## - LANGUAGE CODE
Language code of text/sound track or separate title spa
082 ## - DEWEY DECIMAL CLASSIFICATION NUMBER
Classification number 516.6
Item number H71
100 1# - MAIN ENTRY--PERSONAL NAME
Personal name Hollyday-Darr, Kathryn
9 (RLIN) 3207
Relator term autor
245 10 - TITLE STATEMENT
Title Geometría descriptiva aplicada /
Statement of responsibility, etc. Kathryn Holliday-Darr
250 ## - EDITION STATEMENT
Edition statement 2a ed.
260 ## - PUBLICATION, DISTRIBUTION, ETC.
Place of publication, distribution, etc. México D.F. :
Name of publisher, distributor, etc. Thomson ;
Date of publication, distribution, etc. 2000
300 ## - PHYSICAL DESCRIPTION
Extent 482 páginas :
Other physical details ilustraciones, tablas, gráficos ;
Dimensions 27 cm.
505 0# - FORMATTED CONTENTS NOTE
Formatted contents note Proyección octogonal y geometría descriptiva -- Puntos y rectas en el espacio -- Proyecciones auxiliares -- Rectas -- Características de la recta -- Planos -- Relaciones entre planos -- Puntos de penetración e intersección de planos -- Revolución o giros -- Desarrollos -- Aplicaciones a la minería e ingeniería civil
650 10 - SUBJECT ADDED ENTRY--TOPICAL TERM
Topical term or geographic name entry element Geometría descriptiva
9 (RLIN) 22
650 20 - SUBJECT ADDED ENTRY--TOPICAL TERM
Topical term or geographic name entry element Geometría plana
9 (RLIN) 1020
650 20 - SUBJECT ADDED ENTRY--TOPICAL TERM
Topical term or geographic name entry element Proyecciones e isometrías
9 (RLIN) 874
942 ## - ADDED ENTRY ELEMENTS (KOHA)
Koha item type Libros
Source of classification or shelving scheme Dewey Decimal Classification
Existencias
Fecha de la última vez que lo usaron Número de ingreso o de inventario Pago total Signatura topográfica completa Código de barras Precio efectivo desde Tipo de documento Estado perdido Sistema de clasificación Estado dañado No es para préstamo Retirado Ubicación permanente Ubicación actual Fecha de adquisición
15/05/2020 12890   516.6/H71 BibLima25070023 15/05/2020 Libros   Dewey Decimal Classification       Biblioteca Central Lima Biblioteca Central Lima 15/05/2020